00486nam a2200169Ia 4500003000900000008004100009040003300050041000800083080001000091100001900101245003300120260003900153300001700192942000700209952008300216999001700299LK-CoDNM010623t1826 xxu||||| |||| 00| 1 eng d aLK-CoDNMdLK-CoDNMeLK-CoDNM aeng a6 B.9 aHaafner, Jacob aReize van Madras naar Ceilon bG.J.A. CeijerinckaAmsterdamc1826 b268p., 18 cm cBK 001040708MONOaMAINbMAINd2023-08-02l0o6 B.9r2023-08-02w2023-08-02yBK c81031d81031